សព្វសិទ្ធិ : (Record no. 6319)
[ view plain ]
| 000 -LEADER | |
|---|---|
| fixed length control field | 00769nam a22002297a 4500 |
| 001 - CONTROL NUMBER | |
| control field | 6319 |
| 003 - CONTROL NUMBER IDENTIFIER | |
| control field | FISKH |
| 005 - DATE AND TIME OF LATEST TRANSACTION | |
| control field | 20250530105526.0 |
| 008 - FIXED-LENGTH DATA ELEMENTS--GENERAL INFORMATION | |
| fixed length control field | 250421b cb ||||| |||| 00| 0 eng d |
| 040 ## - CATALOGING SOURCE | |
| Original cataloging agency | FISKH |
| Language of cataloging | khr |
| Transcribing agency | FISKH |
| Modifying agency | FISKH |
| 050 ## - LIBRARY OF CONGRESS CALL NUMBER | |
| Classification number | PZ7 |
| 082 ## - DEWEY DECIMAL CLASSIFICATION NUMBER | |
| Classification number | 895.93220 |
| 100 ## - MAIN ENTRY--PERSONAL NAME | |
| Personal name | Leangkim, Eung |
| 245 ## - TITLE STATEMENT | |
| Title | សព្វសិទ្ធិ : |
| Remainder of title | អត្ថបទរឿងអមដោយរូបភាព / |
| Statement of responsibility, etc. | By Eung Leangkim |
| 260 ## - PUBLICATION, DISTRIBUTION, ETC. | |
| Place of publication, distribution, etc. | Phnom Penh : |
| Date of publication, distribution, etc. | 2011 . |
| 300 ## - PHYSICAL DESCRIPTION | |
| Extent | 47 pages : |
| Other physical details | illustrations ; |
| Dimensions | 21 cm . |
| 650 ## - SUBJECT ADDED ENTRY--TOPICAL TERM | |
| Topical term or geographic name entry element | សព្វសិទ្ធិ |
| Form subdivision | អក្សរសិល្ប៏ខ្មែរបុរាណ |
| 650 ## - SUBJECT ADDED ENTRY--TOPICAL TERM | |
| Topical term or geographic name entry element | Sobseth |
| Form subdivision | Khmer Literature |
| 700 ## - ADDED ENTRY--PERSONAL NAME | |
| Personal name | Ratana, Kleung |
| Relator term | Illustrator |
| 942 ## - ADDED ENTRY ELEMENTS (KOHA) | |
| Source of classification or shelving scheme | Dewey Decimal Classification |
| Koha item type | Khmer Books |
| Suppress in OPAC | No |
| Withdrawn status | Lost status | Source of classification or shelving scheme | Damaged status | Not for loan | Collection | Home library | Current library | Shelving location | Date acquired | Total Checkouts | Full call number | Barcode | Date last seen | Copy number | Price effective from | Koha item type |
|---|---|---|---|---|---|---|---|---|---|---|---|---|---|---|---|---|
| Dewey Decimal Classification | Khmer Language Books / សៀវភៅភាសាខ្មែរ | Footprints International School Library Network Toul Tom Poung Campus | Footprints International School Library Network Toul Tom Poung Campus | TTP Secondary Khmer Bookshelves | 04/21/2025 | LEA PZ7 895.932220 | FISSE01626 | 04/21/2025 | 1 | 04/21/2025 | Khmer Books | |||||
| Dewey Decimal Classification | Khmer Language Books / សៀវភៅភាសាខ្មែរ | Footprints International School Library Network Toul Tom Poung Campus | Footprints International School Library Network Toul Tom Poung Campus | TTP Primary Khmer Bookshelves | 04/21/2025 | LEA PZ7 895.932220 | FISSE02055 | 04/21/2025 | 2 | 04/21/2025 | Khmer Books | |||||
| Dewey Decimal Classification | Khmer Language Books / សៀវភៅភាសាខ្មែរ | Footprints International School Library Network Toul Tom Poung Campus | Footprints International School Library Network Toul Tom Poung Campus | TTP Primary Khmer Bookshelves | 04/21/2025 | LEA PZ7 895.932220 | FISSE01629 | 04/21/2025 | 3 | 04/21/2025 | Khmer Books | |||||
| Dewey Decimal Classification | Khmer Language Books / សៀវភៅភាសាខ្មែរ | Footprints International School Library Network Toul Tom Poung Campus | Footprints International School Library Network Toul Tom Poung Campus | TTP Primary Khmer Bookshelves | 04/21/2025 | LEA PZ7 895.932220 | FISSE02112 | 04/21/2025 | 4 | 04/21/2025 | Khmer Books | |||||
| Dewey Decimal Classification | Khmer Language Books / សៀវភៅភាសាខ្មែរ | Footprints International School Library Network Toul Tom Poung Campus | Footprints International School Library Network Toul Tom Poung Campus | TTP Secondary Khmer Bookshelves | 05/06/2025 | LEA PZ7 895.932220 | FIS05453 | 05/06/2025 | 5 | 05/06/2025 | Khmer Books | |||||
| Dewey Decimal Classification | Khmer Language Books / សៀវភៅភាសាខ្មែរ | Footprints International School Library Network Toul Tom Poung Campus | Footprints International School Library Network Toul Tom Poung Campus | TTP Secondary Khmer Bookshelves | 05/08/2025 | LEA PZ7 895.932220 | FISSE02152 | 05/08/2025 | 6 | 05/08/2025 | Khmer Books |
